Statistics for Eurovision 2023 Song Titles

Click here to take the quiz!

General Stats

  • This quiz has been taken 71 times
  • The average score is 31 of 37

Answer Stats

CountryArtistTitle% Correct
FinlandKäärijäCha Cha Cha
98%
SwedenLoreenTattoo
97%
EstoniaAlikaBridges
95%
IsraelNoa KirelUnicorn
95%
GermanyLord of the LostBlood & Glitter
93%
ArmeniaBrunetteFuture Lover
91%
AustriaTeya & SalenaWho The Hell Is Edgar?
91%
SpainBlanca PalomaEAEA
90%
PolandBlankaSolo
90%
SwitzerlandRemo ForrerWatergun
90%
CyprusAndrew LambrouBreak a Broken Heart
88%
SloveniaJoker OutCarpe Diem
88%
CroatiaLet 3Mama ŠČ!
88%
CzechiaVesnaMy Sister's Crown
88%
Iceland
Diljá
Power
88%
AustraliaVoyagerPromise
88%
NorwayAlessandra (Mele)Queen of Kings
88%
UkraineTVORCHIHeart of Steel
86%
United KingdomMae MullerI Wrote a Song
86%
BelgiumGustaphBecause of You
84%
AlbaniaAlbina & Familja KelmendiDuje
84%
FranceLa ZarraÉvidemment
84%
MaltaThe BuskerDance (Our Own Party)
81%
GeorgiaIruEcho
81%
DenmarkReileyBreaking My Heart
79%
LithuaniaMonika LinkytėStay (Čiūto tūto)
79%
IrelandWild YouthWe Are One
79%
ItalyMarco MengoniDue Vite
76%
San MarinoPiqued JacksLike an Animal
72%
AzerbaijanTuralTuranXTell Me More
72%
LatviaSudden LightsAijā
71%
NetherlandsMia Nicolai & Dion CooperBurning Daylight
67%
SerbiaLuke BlackSamo mi se spava
67%
RomaniaTheodor AndreiD.G.T. (Off and On)
66%
MoldovaPasha ParfeniSoarele și Luna
66%
PortugalMimicatAi Coração
64%
GreeceVictor VernicosWHAT THEY SAY
64%

Score Distribution

Percentile by Number Answered

Percent of People with Each Score

Your Score History

You have not taken this quiz